00801nam a2200217Ii 450000100060000000300090000600800410001504000330005604100080008908200170009710000350011424500720014926400610022130000120028233600260029433700280032033800270034894000520037599900170042795201390044414145CO-ViMGA241108s9999||||xx |||||||||||||| ||und|| aCO-ViMGAbspaerdacCO-ViMGA0 aspa04a364.157 D33c1 aDefensoría del Pueblo92241410aLos cultivos ilícitos:bpolítica mundial y realidad en Colombia 1aBogotá, Colombia : Imprenta Nacional de Colombia, 2000 avolumen atextbtxt2rdacontent aunmediatedbn2rdamedia avolumebnc2rdacarrier aidficha_siabuc: 13843. -- ficha_no_siabuc:14145 c40598d40598 001040708001aMEVIGERRbMEVIGERRcGENd2009-06-09o364.157 D33cpECA18751r2024-11-26 08:55:24tEj.1w2024-11-26yBKz13843 | 18278